Statistics for Top 10 Most Dense U.S. States

Click here to take the quiz!

General Stats

  • This quiz has been taken 24,685 times
  • The average score is 8 of 10

Answer Stats

per mi2 State % Correct
415New York
95%
1,022Rhode Island
86%
1,211New Jersey
82%
885Massachusetts
76%
735Connecticut
76%
623Maryland
74%
496Delaware
74%
397Florida
73%
286Pennsylvania
60%
286Ohio
58%

Score Distribution

Percentile by Number Answered

Percent of People with Each Score

Your Score History

You have not taken this quiz